[Event "II Magistral Blitz Quart"]
[Site "Quart de Poblet, Spain"]
[Date "2019.08.08"]
[Round "4.3"]
[White "Hassomal Daswani, Birjkumar"]
[Black "Galvan Cipriani, Viviana"]
[Result "1/2-1/2"]
[WhiteElo "1971"]
[BlackElo "2015"]
[PlyCount "137"]
[EventDate "2019.??.??"]

1. e4 {[%clk 00:07:05]} 1... c5 {[%clk 00:07:05]  [%emt 00:00:11]} 2. Nc3 {
[%clk 00:07:05]} 2... Nc6 {[%clk 00:07:05]} 3. f4 {[%clk 00:07:07]} 3... e6 {
[%clk 00:07:06]} 4. Nf3 {[%clk 00:07:09]  [%emt 00:00:31]} 4... a6 {
[%clk 00:07:07]} 5. a4 {[%clk 00:07:10]} 5... Nge7 {
[%clk 00:06:09]  [%emt 00:00:46]} 6. Be2 {[%clk 00:06:57]  [%emt 00:00:06]}
6... d5 {[%clk 00:05:53]  [%emt 00:00:33]} 7. O-O {
[%clk 00:06:43]  [%emt 00:00:08]} 7... g6 {[%clk 00:05:52]  [%emt 00:00:18]} 8.
d3 {[%clk 00:06:39]  [%emt 00:00:09]} 8... Bg7 {[%clk 00:05:53]} 9. Kh1 {
[%clk 00:06:39]} 9... O-O {[%clk 00:05:51]} 10. Bd2 {
[%clk 00:06:13]  [%emt 00:00:18]} 10... Rb8 {[%clk 00:05:49]  [%emt 00:00:09]}
11. Qe1 {[%clk 00:05:37]  [%emt 00:00:37]} 11... d4 {
[%clk 00:04:03]  [%emt 00:01:51]} 12. Nd1 {[%clk 00:05:27]  [%emt 00:00:07]}
12... b5 {[%clk 00:04:02]  [%emt 00:00:07]} 13. Nf2 {
[%clk 00:05:16]  [%emt 00:00:49]} 13... f5 {[%clk 00:04:01]} 14. axb5 {
[%clk 00:04:56]  [%emt 00:00:12]} 14... axb5 {[%clk 00:04:01]} 15. Nh3 {
[%clk 00:04:20]  [%emt 00:00:21]} 15... Bd7 {[%clk 00:00:28]  [%emt 00:03:37]}
16. Qh4 {[%clk 00:04:11]  [%emt 00:00:09]} 16... h6 {
[%clk 00:00:29]  [%emt 00:00:32]} 17. Qg3 {[%clk 00:04:12]} 17... Kh7 {
[%clk 00:00:22]  [%emt 00:00:11]} 18. Ne5 {[%clk 00:02:59]  [%emt 00:00:46]}
18... Be8 {[%clk 00:00:15]  [%emt 00:00:18]} 19. Nxc6 {
[%clk 00:02:44]  [%emt 00:00:10]} 19... Nxc6 {[%clk 00:00:12]  [%emt 00:00:22]}
20. Bf3 {[%clk 00:02:31]  [%emt 00:00:09]} 20... Qc7 {[%clk 00:00:09]} 21. Nf2
{[%clk 00:02:25]  [%emt 00:00:06]} 21... Bf7 {[%clk 00:00:07]  [%emt 00:00:11]}
22. Qh3 {[%clk 00:02:26]} 22... Kg8 {[%clk 00:00:09]} 23. g4 {[%clk 00:02:26]}
23... Rbc8 {[%clk 00:00:06]  [%emt 00:00:12]} 24. e5 {
[%clk 00:02:15]  [%emt 00:00:11]} 24... Ne7 {[%clk 00:00:06]  [%emt 00:00:03]}
25. Rg1 {[%clk 00:02:13]  [%emt 00:00:05]} 25... Kh8 {
[%clk 00:00:06]  [%emt 00:00:06]} 26. Rg2 {[%clk 00:02:05]  [%emt 00:00:27]}
26... Rg8 {[%clk 00:00:06]} 27. Rag1 {[%clk 00:02:03]} 27... Rgf8 {
[%emt 00:00:09]} 28. Be1 {[%clk 00:01:53]} 28... Rcd8 {[%clk 00:00:05]} 29. Qg3
{[%clk 00:01:49]  [%emt 00:00:10]} 29... Kh7 {[%clk 00:00:05]} 30. h4 {
[%clk 00:01:50]  [%emt 00:00:07]} 30... Rg8 {[%clk 00:00:05]  [%emt 00:00:10]}
31. Rh2 {[%clk 00:01:51]} 31... Rh8 {[%clk 00:00:04]} 32. Nh3 {[%clk 00:01:50]}
32... Kg8 {[%clk 00:00:04]} 33. h5 {[%clk 00:01:42]  [%emt 00:00:11]} 33... Kf8
{[%clk 00:00:05]  [%emt 00:00:10]} 34. hxg6 {[%clk 00:01:40]} 34... Nxg6 {
[%clk 00:00:05]} 35. gxf5 {[%clk 00:01:31]  [%emt 00:00:10]} 35... exf5 {
[%clk 00:00:05]  [%emt 00:00:17]} 36. e6 {[%clk 00:01:10]  [%emt 00:00:11]}
36... Be8 {[%clk 00:00:07]  [%emt 00:00:04]} 37. Qg2 {
[%clk 00:00:48]  [%emt 00:00:20]} 37... Qe7 {[%clk 00:00:06]  [%emt 00:00:22]}
38. Bg3 {[%clk 00:00:24]  [%emt 00:00:10]} 38... Qxe6 {
[%clk 00:00:05]  [%emt 00:00:24]} 39. Nf2 {[%clk 00:00:18]  [%emt 00:00:05]}
39... Bd7 {[%clk 00:00:05]} 40. Bh5 {[%clk 00:00:17]} 40... Be8 {
[%clk 00:00:06]} 41. Bxg6 {[%clk 00:00:15]} 41... Bxg6 {
[%clk 00:00:07]  [%emt 00:00:04]} 42. Bh4 {[%clk 00:00:16]} 42... Rd6 {
[%clk 00:00:08]  [%emt 00:00:09]} 43. Qa8+ {[%clk 00:00:14]} 43... Kf7 {
[%clk 00:00:08]} 44. Qf3 {[%clk 00:00:15]  [%emt 00:00:03]} 44... Qd5 {
[%clk 00:00:06]  [%emt 00:00:07]} 45. Qxd5+ {[%clk 00:00:16]} 45... Rxd5 {
[%clk 00:00:07]  [%emt 00:00:03]} 46. Rhg2 {[%clk 00:00:17]} 46... Rd6 {
[%clk 00:00:09]  [%emt 00:00:07]} 47. Kh2 {[%clk 00:00:15]} 47... Rg8 {
[%clk 00:00:07]  [%emt 00:00:07]} 48. Nh1 {[%clk 00:00:15]  [%emt 00:00:21]}
48... Bf6 {[%clk 00:00:05]} 49. Bxf6 {[%clk 00:00:13]} 49... Rxf6 {
[%clk 00:00:06]} 50. Ng3 {[%clk 00:00:14]} 50... Bh7 {[%clk 00:00:04]} 51. Re1
{[%clk 00:00:15]  [%emt 00:00:04]} 51... Re6 {[%clk 00:00:06]} 52. Rge2 {
[%clk 00:00:15]  [%emt 00:00:16]} 52... Rge8 {[%clk 00:00:07]} 53. Rxe6 {
[%clk 00:00:16]} 53... Rxe6 {[%clk 00:00:09]  [%emt 00:00:03]} 54. Rxe6 {
[%clk 00:00:18]} 54... Kxe6 {[%clk 00:00:10]} 55. Kh3 {[%clk 00:00:16]} 55...
Bg6 {[%clk 00:00:09]} 56. Ne2 {[%clk 00:00:15]  [%emt 00:00:10]} 56... Bh5 {
[%clk 00:00:06]} 57. Ng3 {[%clk 00:00:15]} 57... Bg6 {
[%clk 00:00:05]  [%emt 00:00:05]} 58. Kh4 {[%clk 00:00:17]  [%emt 00:00:03]}
58... Kf6 {[%clk 00:00:06]} 59. Ne2 {[%clk 00:00:19]} 59... Bf7 {
[%clk 00:00:06]  [%emt 00:00:04]} 60. Ng1 {[%clk 00:00:21]  [%emt 00:00:14]}
60... Kg6 {[%clk 00:00:06]} 61. Nf3 {[%clk 00:00:23]} 61... Kf6 {
[%clk 00:00:07]} 62. Ne5 {[%clk 00:00:25]} 62... Be8 {[%clk 00:00:08]} 63. b3 {
[%clk 00:00:21]  [%emt 00:00:03]} 63... Kg7 {[%clk 00:00:05]  [%emt 00:00:05]}
64. b4 {[%clk 00:00:05]  [%emt 00:00:17]} 64... cxb4 {
[%clk 00:00:05]  [%emt 00:00:09]} 65. Nf3 {[%clk 00:00:08]} 65... Bc6 {
[%clk 00:00:04]} 66. Nxd4 {[%clk 00:00:09]} 66... Bd7 {[%clk 00:00:07]} 67. Nf3
{[%clk 00:00:09]  [%emt 00:00:11]} 67... Bc6 {[%clk 00:00:08]} 68. Nd4 {
[%clk 00:00:11]} 68... Bd7 {[%clk 00:00:09]} 69. Nf3 {[%emt 00:00:04]} 1/2-1/2

[Event "II Magistral Blitz Quart"]
[Site "Quart de Poblet, Spain"]
[Date "2019.08.08"]
[Round "4.4"]
[White "Lara Lopez, Jose"]
[Black "Sanchez Saez, Francisco"]
[Result "0-1"]
[WhiteElo "2271"]
[BlackElo "2186"]
[PlyCount "76"]
[EventDate "2019.??.??"]

1. e4 {[%clk 00:07:05]  [%emt 00:00:08]} 1... c5 {[%clk 00:07:05]} 2. Nc3 {
[%clk 00:07:06]} 2... Nc6 {[%clk 00:07:07]} 3. g3 {[%clk 00:07:07]} 3... g6 {
[%clk 00:07:09]} 4. Bg2 {[%clk 00:07:09]} 4... Bg7 {
[%clk 00:07:10]  [%emt 00:00:11]} 5. Nge2 {[%clk 00:07:07]} 5... d6 {
[%clk 00:07:09]  [%emt 00:00:04]} 6. d3 {[%clk 00:07:07]  [%emt 00:00:04]} 6...
Nf6 {[%clk 00:07:09]  [%emt 00:00:03]} 7. O-O {[%clk 00:07:07]  [%emt 00:00:07]
} 7... O-O {[%clk 00:07:10]} 8. h3 {[%clk 00:07:08]} 8... Rb8 {
[%clk 00:06:59]  [%emt 00:00:47]} 9. Be3 {[%clk 00:07:04]} 9... b5 {
[%clk 00:06:40]  [%emt 00:00:06]} 10. Qd2 {[%clk 00:06:51]  [%emt 00:00:04]}
10... b4 {[%clk 00:06:22]  [%emt 00:00:20]} 11. Nd1 {
[%clk 00:06:51]  [%emt 00:00:21]} 11... e5 {[%clk 00:05:33]  [%emt 00:00:34]}
12. Bg5 {[%clk 00:05:48]  [%emt 00:01:05]} 12... Nd4 {
[%clk 00:05:13]  [%emt 00:00:31]} 13. f4 {[%clk 00:04:59]  [%emt 00:00:44]}
13... Qb6 {[%clk 00:03:54]  [%emt 00:01:25]} 14. Ne3 {
[%clk 00:03:58]  [%emt 00:01:01]} 14... Nxe2+ {[%clk 00:03:41]  [%emt 00:00:21]
} 15. Qxe2 {[%clk 00:03:58]  [%emt 00:00:03]} 15... exf4 {
[%clk 00:02:54]  [%emt 00:00:54]} 16. Nc4 {[%clk 00:03:20]  [%emt 00:00:32]}
16... Qc6 {[%clk 00:02:18]  [%emt 00:00:39]} 17. Bxf6 {
[%clk 00:03:01]  [%emt 00:00:48]} 17... Bxf6 {[%clk 00:02:14]} 18. e5 {
[%clk 00:03:03]} 18... Qe8 {[%clk 00:02:06]  [%emt 00:00:06]} 19. gxf4 {
[%clk 00:02:04]  [%emt 00:00:49]} 19... dxe5 {[%clk 00:02:07]  [%emt 00:00:06]}
20. fxe5 {[%clk 00:02:02]  [%emt 00:00:22]} 20... Bg7 {
[%clk 00:01:49]  [%emt 00:00:19]} 21. Rae1 {[%clk 00:01:56]} 21... Be6 {
[%clk 00:01:35]  [%emt 00:00:08]} 22. b3 {[%clk 00:01:40]  [%emt 00:00:19]}
22... Qd8 {[%clk 00:01:22]  [%emt 00:00:21]} 23. Qe4 {
[%clk 00:01:24]  [%emt 00:00:16]} 23... Qd4+ {[%clk 00:01:06]  [%emt 00:00:16]}
24. Qxd4 {[%clk 00:01:07]  [%emt 00:00:52]} 24... cxd4 {[%clk 00:01:08]} 25.
Kh2 {[%clk 00:00:46]  [%emt 00:00:04]} 25... Rfd8 {[%clk 00:01:09]} 26. Bf3 {
[%clk 00:00:37]  [%emt 00:00:11]} 26... Rb5 {[%clk 00:01:06]} 27. Bg4 {
[%clk 00:00:18]  [%emt 00:00:19]} 27... Bxc4 {[%clk 00:01:05]  [%emt 00:00:35]}
28. dxc4 {[%clk 00:00:13]} 28... Rxe5 {[%clk 00:01:06]} 29. Rxe5 {
[%clk 00:00:14]} 29... Bxe5+ {[%clk 00:01:08]} 30. Kg2 {[%clk 00:00:12]} 30...
d3 {[%clk 00:00:54]  [%emt 00:00:06]} 31. cxd3 {
[%clk 00:00:14]  [%emt 00:00:04]} 31... Rxd3 {[%clk 00:00:54]  [%emt 00:00:05]}
32. Rd1 {[%clk 00:00:14]} 32... Rc3 {[%clk 00:00:41]  [%emt 00:00:13]} 33. Rd2
{[%clk 00:00:09]  [%emt 00:00:06]} 33... Kg7 {[%clk 00:00:33]  [%emt 00:00:22]}
34. Re2 {[%clk 00:00:04]  [%emt 00:00:24]} 34... f6 {[%clk 00:00:32]} 35. Bf3 {
[%clk 00:00:06]} 35... a5 {[%clk 00:00:33]} 36. Bg4 {[%clk 00:00:08]} 36... a4
{[%clk 00:00:32]} 37. bxa4 Rxc4 {[%clk 00:00:32]} 38. Be6 {
[%clk 00:00:09]  [%emt 00:00:05]} 38... Rc3 {[%clk 00:00:32]  Bandera} 0-1

[Event "II Magistral Blitz Quart"]
[Site "Quart de Poblet, Spain"]
[Date "2019.08.08"]
[Round "4.5"]
[White "Chernikov, Vladimir"]
[Black "Movsisyan, Tigran"]
[Result "1-0"]
[WhiteElo "2052"]
[BlackElo "1310"]
[PlyCount "83"]
[EventDate "2019.??.??"]

1. c4 {[%clk 00:07:06]  [%emt 00:00:09]} 1... Nf6 {[%clk 00:07:03]} 2. Nc3 {
[%clk 00:07:08]} 2... e6 {[%clk 00:07:05]} 3. e4 {[%clk 00:07:10]} 3... d5 {
[%clk 00:07:03]  [%emt 00:00:12]} 4. e5 {[%clk 00:07:12]} 4... d4 {
[%clk 00:07:01]  [%emt 00:00:09]} 5. exf6 {[%clk 00:07:13]} 5... dxc3 6. bxc3 {
[%clk 00:07:15]} 6... Qxf6 {[%clk 00:06:59]} 7. d4 {
[%clk 00:07:18]  [%emt 00:00:03]} 7... Nc6 {[%clk 00:06:50]  [%emt 00:00:22]}
8. Nf3 {[%clk 00:07:20]} 8... Qd8 {[%clk 00:06:43]} 9. Bd3 {
[%clk 00:07:07]  [%emt 00:00:18]} 9... Be7 {[%clk 00:06:42]  [%emt 00:00:17]}
10. Qc2 {[%clk 00:07:02]  [%emt 00:00:03]} 10... h6 {
[%clk 00:06:30]  [%emt 00:00:05]} 11. Qe2 {[%clk 00:06:43]  [%emt 00:00:18]}
11... b6 {[%clk 00:05:49]  [%emt 00:00:45]} 12. Be4 {
[%clk 00:06:33]  [%emt 00:00:23]} 12... Bb7 {[%clk 00:05:46]} 13. Ne5 {
[%clk 00:06:35]  [%emt 00:00:10]} 13... Na5 {[%clk 00:05:05]  [%emt 00:00:34]}
14. Qf3 {[%clk 00:06:19]  [%emt 00:00:15]} 14... Bf6 {
[%clk 00:03:53]  [%emt 00:01:18]} 15. Bxb7 {[%clk 00:06:17]  [%emt 00:00:04]}
15... Nxb7 {[%clk 00:03:54]  [%emt 00:00:03]} 16. Qc6+ {
[%clk 00:06:14]  [%emt 00:00:04]} 16... Kf8 {[%clk 00:03:44]  [%emt 00:00:33]}
17. Nd7+ {[%clk 00:06:11]} 17... Kg8 {[%clk 00:03:25]  [%emt 00:00:12]} 18.
Nxf6+ {[%clk 00:06:11]} 18... Qxf6 {[%clk 00:03:26]  [%emt 00:00:04]} 19. Qxb7
{[%clk 00:06:12]  [%emt 00:00:04]} 19... Kh7 {[%clk 00:03:26]  [%emt 00:00:11]}
20. Qe4+ {[%clk 00:06:12]} 20... g6 {[%clk 00:03:25]  [%emt 00:00:04]} 21. O-O
{[%clk 00:06:11]} 21... Qe7 {[%clk 00:03:21]  [%emt 00:00:04]} 22. Bf4 {
[%clk 00:06:08]  [%emt 00:00:05]} 22... Rhg8 {[%clk 00:03:03]  [%emt 00:00:37]}
23. Rfe1 {[%clk 00:06:08]} 23... Rae8 {[%clk 00:03:02]} 24. Qc6 {
[%clk 00:06:08]  [%emt 00:00:11]} 24... Rc8 {[%clk 00:02:54]} 25. Rad1 {
[%clk 00:06:08]} 25... Qf6 {[%clk 00:02:44]  [%emt 00:00:09]} 26. Be5 {
[%clk 00:06:08]  [%emt 00:00:22]} 26... Qe7 {[%clk 00:02:35]} 27. d5 {
[%clk 00:06:06]} 27... Rge8 {[%clk 00:01:49]  [%emt 00:00:46]} 28. g3 {
[%clk 00:06:07]  [%emt 00:00:18]} 28... Qg5 {[%clk 00:01:29]  [%emt 00:00:16]}
29. Bf4 {[%clk 00:06:06]} 29... Qf6 {[%clk 00:01:26]  [%emt 00:00:04]} 30. dxe6
{[%clk 00:06:03]  [%emt 00:00:07]} 30... fxe6 {[%clk 00:01:23]  [%emt 00:00:04]
} 31. Rd7+ {[%clk 00:06:04]  [%emt 00:00:04]} 31... Kg8 {
[%clk 00:01:24]  [%emt 00:00:03]} 32. Bxh6 {[%clk 00:06:03]  [%emt 00:00:03]}
32... Re7 {[%clk 00:01:21]  [%emt 00:00:04]} 33. Rxe7 {
[%clk 00:05:58]  [%emt 00:00:14]} 33... Qxe7 {[%clk 00:01:23]} 34. Rxe6 {
[%clk 00:05:58]} 34... Qd8 {[%clk 00:00:48]  [%emt 00:00:38]} 35. Rxg6+ {
[%clk 00:05:59]} 35... Kh8 {[%clk 00:00:46]  [%emt 00:00:19]} 36. Bg7+ {
[%clk 00:05:58]} 36... Kh7 {[%clk 00:00:45]} 37. Rh6+ {
[%clk 00:05:47]  [%emt 00:00:16]} 37... Kg8 {[%clk 00:00:28]  [%emt 00:00:35]}
38. Rh8+ {[%clk 00:05:45]  [%emt 00:00:04]} 38... Kxg7 {[%clk 00:00:30]} 39.
Qh6+ {[%clk 00:05:45]} 39... Kf7 {[%clk 00:00:29]} 40. Rh7+ {
[%clk 00:05:39]  [%emt 00:00:03]} 40... Ke8 {[%clk 00:00:25]} 41. Qg6+ {
[%clk 00:05:40]  [%emt 00:00:04]} 41... Kf8 {[%clk 00:00:25]  [%emt 00:00:04]}
42. Qf7# {[%clk 00:05:41]} 1-0

[Event "II Magistral Blitz Quart"]
[Site "Quart de Poblet, Spain"]
[Date "2019.08.08"]
[Round "5.1"]
[White "Movsisyan, Tigran"]
[Black "Kovacevic, Slobodan"]
[Result "0-1"]
[WhiteElo "1310"]
[BlackElo "2395"]
[PlyCount "85"]
[EventDate "2019.??.??"]

1. c4 {[%clk 00:07:03]} 1... c5 {[%clk 00:07:05]} 2. Nc3 {[%clk 00:07:04]} 2...
Nf6 {[%clk 00:07:07]} 3. Nf3 {[%clk 00:07:04]  [%emt 00:00:05]} 3... e6 {
[%clk 00:07:09]} 4. g3 {[%clk 00:07:05]} 4... a6 {[%clk 00:07:11]} 5. Bg2 {
[%clk 00:07:06]  [%emt 00:00:10]} 5... Qc7 {[%clk 00:07:14]} 6. O-O {
[%clk 00:07:03]} 6... b6 {[%clk 00:07:16]} 7. d3 {
[%clk 00:06:57]  [%emt 00:00:53]} 7... Bb7 {[%clk 00:07:18]} 8. Bf4 {
[%clk 00:06:50]} 8... d6 {[%clk 00:07:20]} 9. a3 Nbd7 {[%clk 00:07:21]} 10. Qc2
{[%clk 00:06:36]  [%emt 00:00:05]} 10... Be7 {[%clk 00:07:22]} 11. b4 {
[%clk 00:06:30]} 11... O-O {[%clk 00:07:22]} 12. Rab1 {
[%clk 00:06:26]  [%emt 00:00:09]} 12... Rab8 {[%clk 00:07:18]  [%emt 00:00:05]}
13. e4 {[%clk 00:05:38]  [%emt 00:00:49]} 13... Ng4 {
[%clk 00:07:06]  [%emt 00:00:16]} 14. Rfe1 {[%clk 00:04:45]  [%emt 00:00:56]}
14... Rfc8 {[%clk 00:07:01]  [%emt 00:00:07]} 15. Qd2 {
[%clk 00:04:01]  [%emt 00:00:47]} 15... Nge5 {[%clk 00:07:02]  [%emt 00:00:06]}
16. bxc5 {[%clk 00:02:18]  [%emt 00:01:43]} 16... Nxc5 {
[%clk 00:06:58]  [%emt 00:00:06]} 17. Nxe5 {[%clk 00:02:19]  [%emt 00:00:06]}
17... dxe5 {[%clk 00:07:00]} 18. Be3 {[%clk 00:02:19]  [%emt 00:00:12]} 18...
Nd7 {[%clk 00:07:02]} 19. f4 {[%clk 00:02:12]} 19... Bxa3 {
[%clk 00:06:34]  [%emt 00:00:33]} 20. fxe5 {[%clk 00:02:09]  [%emt 00:00:05]}
20... Bf8 {[%clk 00:06:26]  [%emt 00:00:08]} 21. Qf2 {
[%clk 00:01:41]  [%emt 00:00:36]} 21... Ba8 {[%clk 00:06:10]  [%emt 00:00:18]}
22. Kh1 {[%clk 00:01:32]  [%emt 00:00:17]} 22... b5 {[%clk 00:06:08]} 23. Rf1 {
[%clk 00:01:02]  [%emt 00:00:33]} 23... Nxe5 {[%clk 00:06:08]  [%emt 00:00:08]}
24. Bf4 {[%clk 00:00:52]  [%emt 00:00:07]} 24... Nxd3 {
[%clk 00:05:36]  [%emt 00:00:36]} 25. Bxc7 {[%clk 00:00:23]  [%emt 00:00:32]}
25... Nxf2+ {[%clk 00:05:34]  [%emt 00:00:08]} 26. Rxf2 {[%clk 00:00:25]} 26...
Rxc7 {[%clk 00:05:36]} 27. Rbf1 {[%clk 00:00:17]  [%emt 00:00:07]} 27... Rxc4 {
[%clk 00:05:30]  [%emt 00:00:12]} 28. Ne2 {[%clk 00:00:10]  [%emt 00:00:07]}
28... Bxe4 {[%clk 00:05:12]  [%emt 00:00:20]} 29. Rxf7 {
[%clk 00:00:08]  [%emt 00:00:05]} 29... Bxg2+ {[%clk 00:05:03]  [%emt 00:00:12]
} 30. Kxg2 {[%clk 00:00:05]  [%emt 00:00:07]} 30... Rc2 {[%clk 00:05:05]} 31.
R7f2 {[%clk 00:00:07]} 31... Rd8 {[%clk 00:05:00]  [%emt 00:00:09]} 32. Nf4 {
[%clk 00:00:04]  [%emt 00:00:06]} 32... Rxf2+ {[%clk 00:04:58]  [%emt 00:00:05]
} 33. Rxf2 {[%clk 00:00:06]} 33... Rd6 {[%clk 00:04:59]  [%emt 00:00:05]} 34.
Ne2 {[%clk 00:00:08]} 34... b4 {[%clk 00:04:58]  [%emt 00:00:08]} 35. Nc1 {
[%clk 00:00:07]  [%emt 00:00:09]} 35... a5 {[%clk 00:04:57]} 36. Ra2 {
[%clk 00:00:07]} 36... Ra6 {[%clk 00:04:57]  [%emt 00:00:05]} 37. Nd3 {
[%clk 00:00:08]} 37... b3 {[%clk 00:04:58]} 38. Rb2 {[%clk 00:00:10]} 38... a4
{[%clk 00:04:59]  [%emt 00:00:10]} 39. Nc5 {[%clk 00:00:13]} 39... Ra5 {
[%clk 00:04:58]} 40. Nxe6 {[%clk 00:00:14]} 40... Ba3 {
[%clk 00:04:52]  [%emt 00:00:07]} 41. Rd2 {[%clk 00:00:16]  [%emt 00:00:05]}
41... b2 {[%clk 00:04:43]  [%emt 00:00:08]} 42. Rd8+ {
[%clk 00:00:06]  [%emt 00:00:13]} 42... Kf7 {[%clk 00:04:44]} 43. Rd1 {
[%emt 00:00:09]  Bandera} 0-1

[Event "II Magistral Blitz Quart"]
[Site "Quart de Poblet, Spain"]
[Date "2019.08.08"]
[Round "5.2"]
[White "Sanchez Saez, Francisco"]
[Black "Chernikov, Vladimir"]
[Result "1/2-1/2"]
[WhiteElo "2186"]
[BlackElo "2052"]
[PlyCount "54"]
[EventDate "2019.??.??"]

1. Nf3 {[%clk 00:07:03]} 1... Nf6 {[%clk 00:07:02]} 2. c4 {[%clk 00:07:05]}
2... b6 {[%clk 00:06:55]  [%emt 00:00:11]} 3. g3 {
[%clk 00:07:00]  [%emt 00:00:08]} 3... Bb7 {[%clk 00:06:58]  [%emt 00:00:08]}
4. Bg2 {[%clk 00:07:02]} 4... g6 {[%clk 00:06:50]  [%emt 00:00:04]} 5. O-O {
[%clk 00:07:03]} 5... Bg7 {[%clk 00:06:52]  [%emt 00:00:03]} 6. Nc3 {
[%clk 00:07:02]} 6... c5 {[%clk 00:06:54]  [%emt 00:00:03]} 7. d4 {
[%clk 00:06:46]  [%emt 00:00:21]} 7... cxd4 {[%clk 00:06:54]} 8. Nxd4 {
[%clk 00:06:47]} 8... Bxg2 {[%clk 00:06:53]  [%emt 00:00:07]} 9. Kxg2 {
[%clk 00:06:49]} 9... Nc6 {[%clk 00:06:38]  [%emt 00:00:16]} 10. Nxc6 {
[%clk 00:06:50]  [%emt 00:00:36]} 10... dxc6 {[%clk 00:06:39]} 11. Qa4 {
[%clk 00:05:19]  [%emt 00:01:25]} 11... O-O {[%clk 00:05:47]  [%emt 00:00:37]}
12. Bg5 {[%clk 00:03:45]  [%emt 00:01:56]} 12... Qc7 {
[%clk 00:05:29]  [%emt 00:00:03]} 13. Rad1 {[%clk 00:03:39]  [%emt 00:00:06]}
13... Rfd8 {[%clk 00:05:22]  [%emt 00:00:09]} 14. Bf4 {
[%clk 00:03:11]  [%emt 00:00:29]} 14... Qb7 {[%clk 00:04:47]  [%emt 00:00:35]}
15. e4 {[%clk 00:03:11]  [%emt 00:00:06]} 15... Nd7 {
[%clk 00:04:19]  [%emt 00:00:29]} 16. Be3 {[%clk 00:02:50]  [%emt 00:00:25]}
16... Nc5 {[%clk 00:03:42]  [%emt 00:00:41]} 17. Bxc5 {
[%clk 00:02:48]  [%emt 00:00:08]} 17... Bxc3 {[%clk 00:03:43]} 18. bxc3 {
[%clk 00:02:27]  [%emt 00:00:21]} 18... bxc5 {[%clk 00:03:44]  [%emt 00:00:22]}
19. Rxd8+ {[%clk 00:01:58]  [%emt 00:00:11]} 19... Rxd8 {
[%clk 00:03:46]  [%emt 00:00:55]} 20. Rd1 {[%clk 00:01:59]} 20... Rxd1 {
[%clk 00:02:32]  [%emt 00:00:25]} 21. Qxd1 {[%clk 00:02:01]  [%emt 00:00:38]}
21... Qc7 {[%clk 00:02:34]} 22. f4 {[%clk 00:01:48]  [%emt 00:00:03]} 22... Qa5
{[%clk 00:02:27]} 23. Qd2 {[%clk 00:01:11]  [%emt 00:00:53]} 23... Qa4 {
[%clk 00:02:08]} 24. Qe2 {[%clk 00:00:38]  [%emt 00:00:59]} 24... Qa3 {
[%clk 00:02:04]  [%emt 00:00:04]} 25. Qd2 {[%clk 00:00:39]} 25... Qa4 {
[%clk 00:02:02]} 26. Qd8+ {[%emt 00:00:12]} 26... Kg7 {[%emt 00:00:09]} 27.
Qxe7 Qxc4 1/2-1/2